| 000 | 00895cam a22002054a 4500 | ||
|---|---|---|---|
| 005 | 20250605164249.0 | ||
| 008 | 250528s ||||||||||||||||||||||||d | ||
| 035 | _a21646 | ||
| 020 | _a9789604575152 | ||
| 040 |
_aGR-AtMCL _bgre _dGR-AtMCL _eAACR2 |
||
| 245 | 1 | _aΜΑΝΑΤΖΜΕΝΤ ΚΑΙ ΗΓΕΣΙΑ / Η ΒΕΛΤΙΩΣΗ ΤΗΣ ΑΠΟΔΟΣΗΣ ΣΤΗΝ ΚΡΙΣΗ | |
| 250 | _a1 | ||
| 260 |
_bΜαλλιάρης-Παιδεία, _c2012 |
||
| 300 | _a85 | ||
| 520 | _aΠΡΟΣΩΠΙΚΗ ΑΝΑΠΤΥΞΗ ΒΗΜΑΤΑ ΓΙΑ ΒΕΛΤΙΩΣΗ ΔΗΜΙΟΥΡΓΗΣΤΕ ΑΝΤΙΛΗΨΗ ΠΡΟΣΩΠΙΚΟ BENCHMARKING ΒΕΛΤΙΩΣΗ ΣΥΜΠΕΡΙΦΟΡΑΣ ΕΚΠΑΙΔΕΥΣΗ ΗΡΩΕΣ: ΟΙ ΑΥΡΙΑΝΟΙ ΗΓΕΤΕΣ ΜΑΝΑΤΖΜΕΝΤ ΕΣΥ Ο ΗΓΕΤΗΣ | ||
| 700 | 1 |
_aΜπαρουτας Σταυρος _97530 |
|
| 942 | _cBK | ||
| 999 |
_c6707 _d6707 |
||